Načítá se...

Poomulli Aram Thampuran

Podrobná bibliografie
Hlavní autor: Sreeraman V K
Médium: Printed Book
Vydáno: Kozhikode Mathrubhumi books 2011
LEADER 00402nam a22001217a 4500
020 |a 9788182650527 
082 |a 894.8124  |b SRE.P 
100 |a Sreeraman V K 
245 |a Poomulli Aram Thampuran 
260 |a Kozhikode  |b Mathrubhumi books  |c 2011 
942 |c BK 
999 |c 2505  |d 2505 
952 |0 0  |1 0  |4 0  |6 894_812400000000000_SRE_P  |7 0  |8 FIC  |9 2520  |a CAMPUS  |b CAMPUS  |d 2015-03-18  |l 0  |o 894.8124 SRE.P  |p 19100  |r 2015-03-18  |w 2015-03-18  |y BK